000 00795nam a2200181Ia 4500
008 090124s9999 xx 000 0 und d
082 _b117795
100 _aपाध्ये भाऊ ( प्रभाकर नारायण )
245 _a बॅरिस्टर अनिरुध्द धोपेश्र्वरकर
250 _a2
260 _c1979
300 _a132
600 _aपाध्ये भाऊ ( प्रभाकर नारायण )
630 _a बॅरिस्टर अनिरुध्द धोपेश्र्वरकर
700 _aपाध्ये भाऊ ( प्रभाकर नारायण )
730 _a बॅरिस्टर अनिरुध्द धोपेश्र्वरकर
942 _cBOOK
999 _c163882
_d163882